| 000 | 00528nam a2200169 i 4500 | ||
|---|---|---|---|
| 001 | 39554 | ||
| 003 | ES-MaACL | ||
| 005 | 20230906160026.0 | ||
| 007 | t| | ||
| 008 | 030303s1969 sp ||||1| spa d | ||
| 100 | 1 |
_aCano Portal, Luis. _934565 |
|
| 245 | 1 | 0 |
_aEn broma y en serio / _cLuis Cano Portal ; ilustraciones Diego Bernárdez Franco. |
| 260 |
_aMadrid : _bS.A.E.G.E., _c[1969] |
||
| 300 |
_a357 p., 1 map. pleg. : _bil. ; _c21 cm. |
||
| 700 | 1 |
_aBernárdez Franco, Diego. _928275 |
|
| 852 |
_aES-MaACL _jC-36078 _bR.69466 |
||
| 999 |
_c39554 _d39554 |
||